Iglesia y política en la España de hoy / (Record no. 59779)

MARC details
000 -LEADER
campo de control de longitud fija 00985nam a2200253 i 4500
001 - NÚMERO DE CONTROL
campo de control 59779
003 - IDENTIFICADOR DE NÚMERO DE CONTROL
campo de control ES-MaACL
005 - FECHA Y HORA DE LA ÚLTIMA TRANSACCIÓN
campo de control 20250814221136.0
007 - CAMPO FIJO DE DESCRIPCIÓN FÍSICA--INFORMACIÓN GENERAL
campo de control de longitud fija t|
008 - DATOS DE LONGITUD FIJA--INFORMACIÓN GENERAL
campo de control de longitud fija 031030s1980 sp ||||1| spa d
100 1# - ENTRADA PRINCIPAL--NOMBRE DE PERSONA
Nombre de persona Enrique y Tarancón, Vicente.
9 (RLIN) 47273
245 10 - MENCIÓN DEL TÍTULO
Título Iglesia y política en la España de hoy /
Mención de responsabilidad, etc. Vicente E. y Tarancón, Arzobispo de Oviedo, Marcelo González, Narciso Jubani ; prólogo e introducción de Olegario González de Cardedal].
260 ## - PUBLICACIÓN, DISTRIBUCIÓN, ETC.
Lugar de publicación, distribución, etc. Salamanca :
Nombre del editor, distribuidor, etc. Sígueme,
Fecha de publicación, distribución, etc. 1980.
300 ## - DESCRIPCIÓN FÍSICA
Extensión 143 p. ;
Dimensiones 22 cm.
490 1# - MENCIÓN DE SERIE
Mención de serie Materiales ;
Designación de volumen o secuencia 19
650 #4 - PUNTO DE ACCESO ADICIONAL DE MATERIA--TÉRMINO DE MATERIA
Término de materia o nombre geográfico como elemento de entrada Iglesia y Estado-
Subdivisión geográfica España-
Subdivisión cronológica S.XX.
9 (RLIN) 13561
651 #4 - PUNTO DE ACCESO ADICIONAL DE MATERIA--NOMBRE GEOGRÁFICO
Nombre geográfico España-
Subdivisión general Historia eclesiástica-
Subdivisión cronológica S.XX.
9 (RLIN) 8372
700 1# - ENTRADA AGREGADA--NOMBRE PERSONAL
Nombre de persona González Martín, Marcelo,
Fechas asociadas al nombre 1918-2004
9 (RLIN) 140601
700 1# - ENTRADA AGREGADA--NOMBRE PERSONAL
Nombre de persona Jubany i Arnau, Narcís (
Fechas asociadas al nombre 1913-1996)
9 (RLIN) 140069
700 1# - ENTRADA AGREGADA--NOMBRE PERSONAL
Nombre de persona González de Cardedal, Olegario.
9 (RLIN) 58532
830 0# - PUNTO DE ACCESO ADICIONAL DE SERIE-TÍTULO UNIFORME
Título uniforme Materiales ;
Designación de volumen o secuencia 19
9 (RLIN) 230534
852 ## - LOCALIZACIÓN
Ubicación ES-MaACL
Número de control de estantería L-178
Sublocalización o colección R.100630
Holdings
Estatus retirado Estado de pérdida Estado de daño No para préstamo Biblioteca de origen Biblioteca actual Ubicación en estantería Fecha de adquisición Fuente de adquisición Total de préstamos Signatura topográfica completa Código de barras Visto por última vez Precio de reemplazo Tipo de ítem Koha
        Biblioteca del Ateneo de Madrid Biblioteca del Ateneo de Madrid Depósito 2 17/01/2008     L-178 1062699 23/02/2023 23/02/2023 Libro impreso